A short history of the plant sciences / (Record no. 12953)
[ view plain ]
| 000 -LEADER | |
|---|---|
| fixed length control field | 00838cam a22002531 4500 |
| 001 - CONTROL NUMBER | |
| control field | 12953 |
| 003 - CONTROL NUMBER IDENTIFIER | |
| rucl marc code | BD-RjUL |
| 005 - DATE AND TIME OF LATEST TRANSACTION | |
| control field | 20211208235400.0 |
| 008 - FIXED-LENGTH DATA ELEMENTS--GENERAL INFORMATION | |
| fixed length control field | 140130s1942 mauabfh 001 0 eng c |
| 035 ## - SYSTEM CONTROL NUMBER | |
| System control number | (BD-RjUL)13003 |
| System control number | (OCoLC)3469688 |
| 040 ## - CATALOGING SOURCE | |
| Original cataloging agency | Rochester. Univ. Library |
| Transcribing agency | CCC |
| Modifying agency | CCC |
| -- | DLC |
| -- | BD-RjUL |
| Language of cataloging | eng |
| 041 ## - LANGUAGE CODE | |
| Language code of text/sound track or separate title | eng |
| 082 ## - DEWEY DECIMAL CLASSIFICATION NUMBER | |
| Classification number | 580.9 |
| Author mark and year | RES |
| 100 1# - MAIN ENTRY--PERSONAL NAME | |
| Personal name | Reed, Howard S. |
| Fuller form of name | (Howard Sprague), |
| Dates associated with a name | 1876-1950. |
| 9 (RLIN) | 40379 |
| 245 02 - TITLE STATEMENT | |
| Title | A short history of the plant sciences / |
| Statement of responsibility, etc. | by Howard S. Reed. |
| 260 ## - PUBLICATION, DISTRIBUTION, ETC. (IMPRINT) | |
| Place of publication, distribution, etc. | Waltham, Mass. : |
| Name of publisher, distributor, etc. | Chronica Botanica Company, |
| Date of publication, distribution, etc. | 1942. |
| 300 ## - PHYSICAL DESCRIPTION | |
| Pagination | 320 p. : |
| Illustrations | incl. illus., map, facsims. ; |
| Size | 27 cm. |
| 490 0# - SERIES STATEMENT | |
| Series statement | A New series of plant science books, vol. VII |
| 504 ## - BIBLIOGRAPHY, ETC. NOTE | |
| Bibliography, etc | "References" at end of most chapters. |
| 650 #0 - SUBJECT ADDED ENTRY--TOPICAL TERM | |
| Topical term or geographic name as entry element | Botany |
| General subdivision | History. |
| 9 (RLIN) | 40380 |
| 942 ## - ADDED ENTRY ELEMENTS (KOHA) | |
| Source of classification or shelving scheme | Dewey Decimal Classification |
| Koha item type | Books |
| Lost status | Source of classification or shelving scheme | Damaged status | Not for loan | Collection code | Permanent Location | Current Location | Shelving location | Date acquired | Source of acquisition | Cost, normal purchase price | Total Checkouts | Full call number | Date last seen | Copy number | Koha item type |
|---|---|---|---|---|---|---|---|---|---|---|---|---|---|---|---|
| Dewey Decimal Classification | Not For Loan | Non-fiction | Central Library, University of Rajshahi | Central Library, University of Rajshahi | Reading Room | 09/12/1963 | parament Book Stall Korache | 32.50 | 580.9 RES 1942 | 30/01/2014 | C-1 | Books | |||
| Dewey Decimal Classification | Non-fiction | Central Library, University of Rajshahi | Central Library, University of Rajshahi | 01/01/1965 | Euro-Pak. | 46.50 | 580.9 RES 1942 | 22/05/2017 | C-2 | Books |